000 00278nam a2200097Ia 4500
008 220204s9999 xx 000 0 und d
082 _a339.18(569.5)
_bECO
245 0 _aEconomics and commercial reports: Jordan
260 _aNew Delhi
_bMinistry of foreign trade
_c1968
942 _cBK
999 _c22171
_d22171